00423nam a22001577a 4500008004100000020001500041050002800056245004100084250001300125260003200138300001600170650001400186700002300200700002000223700002200243191009b xxu||||| |||| 00| 0 eng d a0077154517 aHB171.5 b.E26 2014 c.1 aEconomicscBegg, David ... [et al.]. a11th ed. aNew York bMcGrawHillc2014 axxii, 708p. aEconomics aGianluigi Vernasca aStanley Fischer aRudiger Dornbusch